000
00249nam a2200097Ia 4500
001
734256
005
20250826163830.0
008
250824s9999 xx 000 0 und d
245
0
_a
KUŞ OLSAM EVİME UÇSAM
_c
GÜZİN ÖZTÜRK
260
_b
TUDEM YAYINLARI
999
_c
734256
_d
734256